000 00246nam a2200109Ia 4500
008 190216s9999||||xx |||||||||||||| ||und||
100 _aShankaran K P
245 0 _aYruthuparivarthanam
260 _bNull
650 _aEssay Malayalam
942 _cBK
999 _c25269
_d25269